Día de playa (Record no. 182331)

MARC details
000 -LEADER
campo de control de longitud fija 00627nam a2200193 i 4500
001 - NÚMERO DE CONTROL
campo de control 182331
003 - IDENTIFICADOR DE NÚMERO DE CONTROL
campo de control ES-MaACL
005 - FECHA Y HORA DE LA ÚLTIMA TRANSACCIÓN
campo de control 20240324063007.0
008 - DATOS DE LONGITUD FIJA--INFORMACIÓN GENERAL
campo de control de longitud fija 130805s1989 sp | |||| ||spa d
080 ## - NÚMERO DE LA CLASIFICACIÓN DECIMAL UNIVERSAL
Número de la Clasificación Decimal Universal 821.134.2-14"19"
100 1# - ENTRADA PRINCIPAL--NOMBRE DE PERSONA
Nombre de persona Cilleruelo, José Ángel,
Fechas asociadas al nombre 1960-
9 (RLIN) 38828
245 10 - MENCIÓN DEL TÍTULO
Título Día de playa
Resto del título : (city diary, 1989) /
Mención de responsabilidad, etc. José Ángel Cilleruelo.
260 ## - PUBLICACIÓN, DISTRIBUCIÓN, ETC.
Lugar de publicación, distribución, etc. Avilés (Asturias) :
Nombre del editor, distribuidor, etc. Cuadernos de Cristal,
Fecha de publicación, distribución, etc. [1989]
300 ## - DESCRIPCIÓN FÍSICA
Extensión [8] p. ;
Dimensiones 22 cm.
490 1# - MENCIÓN DE SERIE
Mención de serie Cuadernos de cristal ;
Designación de volumen o secuencia 15
830 0# - PUNTO DE ACCESO ADICIONAL DE SERIE-TÍTULO UNIFORME
Título uniforme Cuadernos de cristal ;
Designación de volumen o secuencia 15
9 (RLIN) 191749
852 ## - LOCALIZACIÓN
Ubicación ES-MaACL
Número de control de estantería 2317-F-33
Holdings
Estatus retirado Estado de pérdida Estado de daño No para préstamo Colección Biblioteca de origen Biblioteca actual Ubicación en estantería Fecha de adquisición Fuente de adquisición Total de préstamos Signatura topográfica completa Código de barras Visto por última vez Precio de reemplazo Tipo de ítem Koha
        Colección de folletos Biblioteca del Ateneo de Madrid Biblioteca del Ateneo de Madrid Depósito folletos 05/08/2013     2317-F-33 1191609 23/02/2023 23/02/2023 Folleto